The Business of Human Rights (Record no. 23692)
[ view plain ]
| 000 -LEADER | |
|---|---|
| fixed length control field | 00559nam a22001817a 4500 |
| 003 - CONTROL NUMBER IDENTIFIER | |
| control field | OSt |
| 005 - DATE AND TIME OF LATEST TRANSACTION | |
| control field | 20260416072052.0 |
| 008 - FIXED-LENGTH DATA ELEMENTS--GENERAL INFORMATION | |
| fixed length control field | 260416b |||||||| |||| 00| 0 eng d |
| 020 ## - INTERNATIONAL STANDARD BOOK NUMBER | |
| International Standard Book Number | 9781848138636 |
| 040 ## - CATALOGING SOURCE | |
| Transcribing agency | ipstc |
| 050 ## - LIBRARY OF CONGRESS CALL NUMBER | |
| Classification number | HD2741 |
| Item number | .B87 2011 |
| 245 ## - TITLE STATEMENT | |
| Title | The Business of Human Rights |
| Remainder of title | An evolving Agenda for corporate responsibility |
| 260 ## - PUBLICATION, DISTRIBUTION, ETC. | |
| Place of publication, distribution, etc. | New York,London |
| Name of publisher, distributor, etc. | Zed Books Ltd |
| Date of publication, distribution, etc. | 2011 |
| 504 ## - BIBLIOGRAPHY, ETC. NOTE | |
| Bibliography, etc. note | includes bibliographical references and index |
| 700 ## - ADDED ENTRY--PERSONAL NAME | |
| Personal name | Aurora Voiculescu |
| Relator term | editor |
| 700 ## - ADDED ENTRY--PERSONAL NAME | |
| Personal name | Helen Yanacopulos |
| Relator term | editor |
| 942 ## - ADDED ENTRY ELEMENTS (KOHA) | |
| Source of classification or shelving scheme | Library of Congress Classification |
| Koha item type | Normal Collection |
| Suppress in OPAC | No |
| Withdrawn status | Lost status | Source of classification or shelving scheme | Damaged status | Not for loan | Home library | Current library | Date acquired | Inventory number | Total Checkouts | Full call number | Barcode | Date last seen | Price effective from | Koha item type |
|---|---|---|---|---|---|---|---|---|---|---|---|---|---|---|
| Library of Congress Classification | International Peace Support Training Centre (IPSTC) | International Peace Support Training Centre (IPSTC) | 16/04/2026 | 2822/2019 | HD2741 .B87 2011 | 200128222019 | 16/04/2026 | 16/04/2026 | Normal Collection |